| 000 | 00818nam a2200253 i 4500 | ||
|---|---|---|---|
| 001 | 14425 | ||
| 003 | ES-MaACL | ||
| 005 | 20230906150816.0 | ||
| 007 | t| | ||
| 008 | 971126s1997 sp ||||0| spa j | ||
| 020 | _a84-87136-70-2 | ||
| 040 |
_aM-BN _bspa _cM-BN |
||
| 080 | _a711.4(460.288 A.) | ||
| 100 | 1 |
_aMagán Perales, José María. _975441 |
|
| 245 | 1 | 3 |
_aEl desarrollo urbanístico de la ciudad de Albacete / _cJosé Mª Magán Perales. |
| 260 |
_aAlbacete : _bInstituto de Estudios Albacetenses, _c1997. |
||
| 300 |
_a264 p. : _bil. ; _c22 cm. |
||
| 490 | 1 |
_aSerie I--Estudios ; _v94 |
|
| 651 | 4 |
_aAlbacete- _xUrbanismo. _97628 |
|
| 710 | 2 |
_aInstituto de Estudios Albacetenses. _94884 |
|
| 830 | 0 |
_aSerie I--Estudios ; _v94 _9179228 |
|
| 852 |
_aES-MaACL _jL-21632 _bR.127068 |
||
| 999 |
_c14425 _d14425 |
||